| 000 | 00392cam a22001097a 4500 | ||
|---|---|---|---|
| 008 | 180718b1971 xxu||||| |||| 00| 0 eng d | ||
| 082 | _aN22x73 Un3h | ||
| 245 |
_aHandbook on the law of search and seizure _cby Criminal Division, Department of Justice |
||
| 260 |
_aWashington, D. C. _bU. S. Government Printing Office _c1971 |
||
| 300 | _a54p. | ||
| 700 | _aCriminal Division, Department of Justice | ||
| 999 |
_c493858 _d493858 |
||